00804nam a2200253Ia 4500003000400000005001700004008004100021020001800062040000700080041000800087082001800095100002500113245005800138250000600196260003600202300001500238365001300253650001500266650003400281906006200315942001200377999001900389952014200408OSt20230413145545.0210423s2009 xx 000 0 und d a9788178299266 cAL aeng a343.0745 SINK aSINGH (Katar)988057 aRural development: principles policies and management a3 aLondonbSage Publicationsc2009 axx,348bPB b425cINR aLaw988058 aMilitary Tax Trade Law988059 adevelopment: ; management ; policies ; principles ; Rural 2ddccBK c159728d159728 001040708ECOaSACPGbSACPGd2011-08-03eHigginbothams Pvt Ltdg425.00l0o343.0745 SINKpPG006207r2022-08-24 00:00:00w2021-04-26yBK